SPORTLIGHT COMMUNITY SERVICE LEARNING: LEARNERS BOOK, GRADE 10 (Record no. 216758)

MARC details
000 -LEADER
fixed length control field 00525nam a22001697a 4500
008 - FIXED-LENGTH DATA ELEMENTS--GENERAL INFORMATION
fixed length control field 260303b |||||||| |||| 00| 0 eng d
022 ## - INTERNATIONAL STANDARD SERIAL NUMBER
International Standard Serial Number 978-9966-57-570-8
100 ## - MAIN ENTRY--PERSONAL NAME
Personal name SIRENGO, WILSON
245 ## - TITLE STATEMENT
Title SPORTLIGHT COMMUNITY SERVICE LEARNING: LEARNERS BOOK, GRADE 10
260 ## - PUBLICATION, DISTRIBUTION, ETC.
Place of publication, distribution, etc. NAIROBI
Name of publisher, distributor, etc. SPORTLIGHT PUBLISHERS
Date of publication, distribution, etc. 2025
300 ## - PHYSICAL DESCRIPTION
Extent III,140P.
500 ## - GENERAL NOTE
General note INCLUDES AN INDEX
650 ## - SUBJECT ADDED ENTRY
Topical term or geographic name entry element SERVICE LEARNING -TEXTBOOKS
700 ## - ADDED ENTRY--PERSONAL NAME
Personal name MONARI EVANS, ODIPO BETHWEL , OUMA FREDRICK
942 ## - ADDED ENTRY ELEMENTS (KOHA)
Source of classification or shelving scheme Library of Congress Classification
Koha item type Long Loan Book
Holdings
Withdrawn status Lost status Source of classification or shelving scheme Damaged status Not for loan Collection Home library Current library Shelving location Date acquired Inventory number Total checkouts Full call number Barcode Date last seen Copy number Price effective from Koha item type
    Library of Congress Classification     Arts & Social Sciences Kisii University Library Kisii University Library On Display 03/03/2026 112229   LC 4600 .S57 2025 A000338 03/03/2026 C.1 03/03/2026 Long Loan Book
    Library of Congress Classification     Arts & Social Sciences Kisii University Library Kisii University Library On Display 03/03/2026 112230   LC 4600 .S57 2025 A000337 03/03/2026 C.2 03/03/2026 Long Loan Book
    Library of Congress Classification     Arts & Social Sciences Kisii University Library Kisii University Library On Display 03/03/2026 112231   LC 4600 .S57 2025 A000335 03/03/2026 C.3 03/03/2026 Long Loan Book
    Library of Congress Classification     Arts & Social Sciences Kisii University Library Kisii University Library On Display 03/03/2026 112232   LC 4600 .S57 2025 A000340 03/03/2026 C.4 03/03/2026 Long Loan Book
    Library of Congress Classification     Arts & Social Sciences Kisii University Library Kisii University Library On Display 03/03/2026 112233   LC 4600 .S57 2025 A000339 03/03/2026 C.5 03/03/2026 Long Loan Book